David Brinkley : (Record no. 975)

000 -LEADER
fixed length control field 01327nam a22003377a 4500
001 - CONTROL NUMBER
control field 4455305
003 - CONTROL NUMBER IDENTIFIER
control field OSt
005 - DATE AND TIME OF LATEST TRANSACTION
control field 20210426112526.0
008 - FIXED-LENGTH DATA ELEMENTS--GENERAL INFORMATION
fixed length control field 951127s1995 nyuaf 000 0aeng
010 ## - LIBRARY OF CONGRESS CONTROL NUMBER
LC control number 95080313
020 ## - INTERNATIONAL STANDARD BOOK NUMBER
International Standard Book Number 067940693X
040 ## - CATALOGING SOURCE
Original cataloging agency DLC
Transcribing agency DLC
Modifying agency DLC
043 ## - GEOGRAPHIC AREA CODE
Geographic area code n-us---
050 00 - LIBRARY OF CONGRESS CALL NUMBER
Classification number PN4874.B6695
Item number B75 1995
080 ## - UNIVERSAL DECIMAL CLASSIFICATION NUMBER
Universal Decimal Classification number 92
Item number B-86
082 00 - DEWEY DECIMAL CLASSIFICATION NUMBER
Classification number 070/.92
-- B
Edition number 20
100 1# - MAIN ENTRY--PERSONAL NAME
Personal name Brinkley, David.
245 10 - TITLE STATEMENT
Title David Brinkley :
Remainder of title 11 presidents, 4 wars, 22 political conventions, 1 moon landing, 3 assassinations, 2,000 weeks of news and other stuff on television and 18 years of growing up in North Carolina /
Statement of responsibility, etc. David Brinkley.
250 ## - EDITION STATEMENT
Edition statement 1st ed.
260 ## - PUBLICATION, DISTRIBUTION, ETC.
Place of publication, distribution, etc. New York :
Name of publisher, distributor, etc. A. A. Knopf :
-- Distributed by Random House,
Date of publication, distribution, etc. 1995.
300 ## - PHYSICAL DESCRIPTION
Extent 273 p., [16] p. of plates :
Other physical details ill. ;
Dimensions 25 cm.
365 ## - TRADE PRICE
Price note 25.00 USD
600 10 - SUBJECT ADDED ENTRY--PERSONAL NAME
Personal name Brinkley, David.
650 #0 - SUBJECT ADDED ENTRY--TOPICAL TERM
Topical term or geographic name entry element Television journalists
Geographic subdivision United States
Form subdivision Biography.
653 ## - INDEX TERM--UNCONTROLLED
Uncontrolled term ბიოგრაფია
856 42 - ELECTRONIC LOCATION AND ACCESS
Materials specified Publisher description
Uniform Resource Identifier <a href="http://www.loc.gov/catdir/description/random0410/95080313.html">http://www.loc.gov/catdir/description/random0410/95080313.html</a>
906 ## - LOCAL DATA ELEMENT F, LDF (RLIN)
a 7
b cbc
c orignew
d 1
e opcn
f 19
g y-gencatlg
942 ## - ADDED ENTRY ELEMENTS (KOHA)
Source of classification or shelving scheme
Koha item type Books
Holdings
Withdrawn status Lost status Source of classification or shelving scheme Damaged status Not for loan Permanent location Current location Date acquired Inventory number Full call number Barcode Date last seen Price effective from Koha item type
          Ken Walker International University Ken Walker International University 01/27/2021 2450 92 B-86 2450 01/27/2021 01/27/2021 Books

Powered by Koha